000 00572nam a2200181Ia 4500
005 20250508150856.0
008 008 250505s9999 xx 000 0 eng d
037 _aTextual
040 _aFEDL
_beng
_cFEDL
041 _aeng
_2eng
084 _a371.927, STI
_qFEDL
100 _aStinchfield Sara M
_9757283
245 0 _aChildren with delayed or defective speech : Motor-Kinesthetic factors in their training
260 _aStanford
_bStanford Univeristy Press
_c1938
300 _axvi,174p.
942 _cTEXL
_h371.927, STI
999 _c1326249
_d1326249